[Event "e2e4 Sunningdale July Open"]
[Site "Ascot ENG"]
[Date "2013.07.05"]
[Round "1"]
[White "Savage,Nicholas W"]
[Black "Adair,J"]
[Result "0-1"]
[WhiteElo "2001"]
[BlackElo "2350"]

1.d4 Nf6 2.c4 e6 3.Nf3 b6 4.g3 Ba6 5.Qc2 Bb4+ 6.Bd2 Be7 7.Bg2 c6 8.O-O d5
9.Ne5 Nfd7 10.Nxd7 Nxd7 11.cxd5 cxd5 12.Nc3 O-O 13.Qa4 Bb7 14.Rac1 a6 15.Nb1 b5
16.Qa5 Qxa5 17.Bxa5 Rac8 18.Nd2 b4 19.Nb3 Bc6 20.Rc2 Bb5 21.Rfc1 Rc4 22.e3 Rfc8
23.Na1 Nb8 24.Bf1 Rxc2 25.Rxc2 Nc6 26.Bb6 Kf8 27.Bc5 Ke8 28.Bxe7 Kxe7 29.Rc5 Kd6
30.Nb3 Rb8 31.f3 e5 32.Rc1 exd4 33.Nxd4 Nxd4 34.exd4 Re8 35.Kf2 Bxf1 36.Rxf1 Rc8
37.Re1 a5 38.b3 g5 39.Re2 Rc1 40.Rd2 f6 41.Ke3 h5 42.Kd3 Ke6 43.Rc2 Rd1+
44.Ke3 Ra1 45.Rc6+ Kf5 46.Rc5 Rxa2 47.Rxd5+ Ke6 48.Rb5 Rxh2 49.Rxa5 Rb2 50.Ra6+ Kf5
51.Ra5+ Kg6 52.d5 Rxb3+ 53.Ke4 Rb1 54.d6 Re1+ 55.Kd5 Re5+  0-1

[Event "e2e4 Sunningdale July Open"]
[Site "Ascot ENG"]
[Date "2013.07.06"]
[Round "2"]
[White "Gibson,Ch"]
[Black "Spence,D"]
[Result "1/2-1/2"]
[WhiteElo "2006"]
[BlackElo "2225"]

1.d4 e6 2.c4 Nf6 3.Nf3 b6 4.g3 Ba6 5.b3 Bb7 6.Bg2 Bb4+ 7.Bd2 a5 8.Nc3 O-O
9.O-O d6 10.Qc2 Nbd7 11.Rad1 Bxc3 12.Bxc3 Be4 13.Qb2 c6 14.Ne1 Bxg2 15.Kxg2 b5
16.f3 bxc4 17.bxc4 Nb6 18.e4 Nxc4 19.Qe2 d5 20.Nd3 Nd7 21.e5 Qe7 22.f4 Rfe8
23.f5 exf5 24.Rxf5 Nd6 25.Rf4 Ne4 26.Bb2 c5 27.dxc5 Ndxc5 28.Nxc5 Qxc5 29.Bd4 Qb4
30.Qh5 g6 31.Qh6 Qf8 32.Qh4 Qe7 33.Qh6 Qg5 34.Qxg5 Nxg5 35.Bb2 Ne6 36.Rf2 Rad8
37.Ba3 Ng5 38.Bb2 Ne6 39.Ba3 d4 40.Bd6 Rd7 41.Rb2 f6 42.Rb5 fxe5 43.Bxe5 d3
44.Rxa5 Ng5 45.h4 Nf7  1/2-1/2

[Event "IsBank TCh-TUR 2013"]
[Site "Denizli TUR"]
[Date "2013.07.07"]
[Round "10.7"]
[White "Karaoglan,Kivanc"]
[Black "Ererdem,G"]
[Result "1/2-1/2"]
[WhiteElo "1718"]
[BlackElo "1910"]

1.d4 Nf6 2.c4 e6 3.Nf3 b6 4.g3 Ba6 5.Qc2 Be7 6.Bg2 O-O 7.O-O Bb7 8.Nbd2 c5
9.e4 cxd4 10.Nxd4 Nc6 11.N4f3 Nb4 12.Qb1 d5 13.e5 Ne4 14.a3 Nxd2 15.Bxd2 Na6
16.cxd5 Bxd5 17.Be3 Qc7 18.b4 Rac8 19.Rc1 Qb7 20.Rxc8 Rxc8 21.Qd1 Nc7 22.Qe2 a5
23.bxa5 bxa5 24.a4 Na6 25.Qb5 Bb4 26.Nh4 Bxg2 27.Nxg2 Rb8 28.Qxb7 Rxb7 29.Rc1  1/2-1/2

[Event "IsBank TCh-TUR 2013"]
[Site "Denizli TUR"]
[Date "2013.07.07"]
[Round "10.6"]
[White "Ozturk,Ku"]
[Black "Deruni,B"]
[Result "0-1"]
[WhiteElo "2293"]
[BlackElo "2119"]

1.d4 Nf6 2.c4 e6 3.Nf3 b6 4.g3 Ba6 5.b3 Bb7 6.Bg2 Bb4+ 7.Bd2 a5 8.O-O O-O
9.Nc3 d6 10.Qc2 Nbd7 11.a3 Bxc3 12.Bxc3 Be4 13.Qb2 a4 14.b4 b5 15.c5 Nd5
16.Rfe1 f5 17.Bf1 f4 18.Nd2 Bg6 19.Bg2 N7f6 20.Rec1 Ng4 21.Bf3 Qg5 22.Nf1 fxg3
23.hxg3 Qh5 24.Bxg4 Qxg4 25.f3 Qh3 26.Re1 Bh5 27.Rad1 Rf6 28.Rd3 Raf8 29.Bd2 Rg6
30.Kf2 Rxg3 31.Nxg3 Qh2+ 32.Kf1 Qxg3 33.Rc1 Bg4 34.e4 Bxf3  0-1

[Event "Polugaevsky Mem 2013"]
[Site "Samara RUS"]
[Date "2013.07.07"]
[Round "6.2"]
[White "Goganov,A"]
[Black "Dvoirys,S"]
[Result "0-1"]
[WhiteElo "2560"]
[BlackElo "2538"]

1.d4 Nf6 2.c4 e6 3.Nf3 b6 4.g3 Ba6 5.b3 d5 6.Bg2 Nbd7 7.O-O Rc8 8.cxd5 exd5
9.Bb2 Bd6 10.Nc3 O-O 11.Nd2 Re8 12.Re1 c5 13.Nxd5 Nxd5 14.Bxd5 Nf6 15.Bf3 cxd4
16.Bxd4 Bxg3 17.Bxf6 Bxh2+ 18.Kxh2 Qxf6 19.Nf1 Rcd8 20.Qc2 Rxe2 21.Rxe2 Bxe2
22.Qxe2 Qxa1 23.Ng3 Qf6 24.Kg2 g6 25.Qc4 Qe5 26.Qe4 Qxe4 27.Nxe4 Kg7 28.Nc3 Rd2
29.a4 Rd3 30.Nb5 a5 31.Be2 Rxb3 32.Nd6 Rc3 33.Bb5 h5 34.Nc4 g5 35.Nxb6 g4
36.Nc4 f5 37.Nxa5 h4 38.Nc6 h3+ 39.Kh2 Rc2 40.Kg1 Kf6 41.Nb4 Rd2 42.a5 f4
43.Nd3 Kg5 44.Nc5 Kh4 45.Ne4 Ra2 46.a6 g3 47.fxg3+ fxg3 48.Bf1 g2  0-1

[Event "36th Barbera Open"]
[Site "Barbera del Valles ESP"]
[Date "2013.07.08"]
[Round "5.3"]
[White "Aloma Vidal,R"]
[Black "Ivanov,Sergey1"]
[Result "1/2-1/2"]
[WhiteElo "2421"]
[BlackElo "2555"]

1.d4 Nf6 2.c4 e6 3.Nf3 b6 4.g3 Ba6 5.Qa4 Bb7 6.Bg2 c5 7.dxc5 Bxc5 8.Nc3 O-O
9.O-O Be7 10.Bf4 Na6 11.Rfd1 Nc5 12.Qc2 Qc8 13.Bd6 Bxd6 14.Rxd6 Nce4 15.Nxe4 Bxe4
16.Qc3 Qc7 17.Rd4 Rac8 18.Qe3 d5 19.cxd5 Bxd5 20.Rdd1 Qc2 21.Rd2 Qa4 22.Ne1 Bxg2
23.Kxg2 Nd5 24.Qb3 Qe4+ 25.Qf3 Qb4 26.Rad1 a5 27.Nd3 Qa4 28.a3 Qb5 29.Nf4 Nf6
30.e3 h6 31.Ne2 Qe5 32.Qf4 Qe4+ 33.Qxe4 Nxe4 34.Rd4 f5 35.Rc1 Rxc1 36.Nxc1 Rc8
37.Nd3 Rc2 38.h4 g5 39.hxg5 hxg5 40.g4 Kg7 41.Kg1 Rd2 42.gxf5 exf5 43.b4 a4
44.b5 Nc3 45.Rd7+ Kf6 46.Nc5 Ra2 47.Rd6+ Ke5 48.Rxb6 Rxa3 49.Ra6 Kd5 50.Nd7 Nxb5
51.Rxa4 Rxa4 52.Nb6+ Ke4 53.Nxa4 Kf3 54.Nc5  1/2-1/2

[Event "Polugaevsky Mem 2013"]
[Site "Samara RUS"]
[Date "2013.07.08"]
[Round "7.1"]
[White "Kovalenko,I"]
[Black "Dvoirys,S"]
[Result "1-0"]
[WhiteElo "2621"]
[BlackElo "2538"]

1.d4 Nf6 2.c4 e6 3.Nf3 b6 4.g3 Ba6 5.Qb3 Nc6 6.Nbd2 Na5 7.Qa4 Bb7 8.Bg2 c5
9.dxc5 bxc5 10.O-O Be7 11.Ne5 Bxg2 12.Kxg2 O-O 13.Ndf3 Qc7 14.Rd1 d5 15.cxd5 exd5
16.Bg5 Rfe8 17.Rac1 Nb7 18.Rc2 Qd6 19.Nc6 Bf8 20.Bxf6 gxf6 21.Qb5 Qd7 22.Ncd4 Qc8
23.Qd3 Re4 24.Nb3 Qe8 25.Qa6 c4 26.Nbd4 Nd6 27.Qa5 c3 28.b3 Rb8 29.Qxc3 Rc8
30.Qd3 f5 31.Rdc1 Rxc2 32.Qxc2 f4 33.Qc6 fxg3 34.Qxe8 Rxe8 35.hxg3 Ne4 36.Rc7 Bc5
37.e3 Bb6 38.Rc6 f6 39.b4 Kf7 40.a4 Rb8 41.Ne2 Rb7 42.Nf4 Rd7 43.a5 Bd8 44.Nd4 Be7
45.Nd3 Bd6 46.Ra6 Nc3 47.Kf3 Bf8 48.Rc6 Ne4 49.Ke2 Be7 50.g4 Bd8 51.f3 Ng5
52.Nc5 Re7 53.Rc8 Re8 54.Nc6  1-0

[Event "IsBank TCh-TUR 2013"]
[Site "Denizli TUR"]
[Date "2013.07.09"]
[Round "12.4"]
[White "Yener,C"]
[Black "Kinsiz,O"]
[Result "1/2-1/2"]
[WhiteElo "1944"]
[BlackElo "2224"]

1.d4 Nf6 2.c4 e6 3.Nf3 b6 4.g3 Ba6 5.Qa4 Bb7 6.Bg2 c5 7.d5 exd5 8.cxd5 Bxd5
9.Nc3 Bc6 10.Qb3 d6 11.Ng5 d5 12.e4 c4 13.Qc2 dxe4 14.O-O Be7 15.Rd1 Qc8
16.Ncxe4 Nxe4 17.Bxe4 g6 18.Qxc4 O-O 19.Bf4 Bxg5 20.Bxg5 Qg4 21.f4 Qe6 22.Qxe6 fxe6
23.Bxc6 Nxc6 24.Rd6 Rac8 25.Re1 Rfe8 26.Bf6 Kf7 27.Bc3 b5 28.a3 Re7 29.Red1 Rcc7
30.Be1 Nb8 31.Bf2 Nd7 32.Bd4 Nc5 33.Bxc5 Rxc5 34.R1d2 a5 35.Ra6 a4 36.Kf2 h5
37.Rb6 Kf6 38.Kf3 g5 39.fxg5+ Kxg5 40.Rd4 Rf7+ 41.Rf4 Rxf4+ 42.gxf4+ Kf5
43.Rb8 Rd5 44.Rf8+ Kg6 45.Ke3 Rc5 46.Rg8+ Kf6 47.Rg2 b4 48.axb4 Rb5 49.Rg5 Rxb4
50.Rxh5 Rxb2 51.Ra5 Ra2 52.h4 a3 53.Kf3 Ra1 54.Kg2 Ra2+ 55.Kg3 Ra1 56.Kg2  1/2-1/2

[Event "Universiade Women"]
[Site "Kazan RUS"]
[Date "2013.07.09"]
[Round "1.8"]
[White "Savina,A"]
[Black "Ton,N"]
[Result "1-0"]
[WhiteElo "2368"]
[BlackElo "1995"]

1.d4 Nf6 2.c4 e6 3.Nf3 b6 4.g3 Ba6 5.Qc2 Bb4+ 6.Bd2 Bxd2+ 7.Nbxd2 d5 8.Rc1 c6
9.e4 dxe4 10.Nxe4 Bb7 11.c5 Nxe4 12.Qxe4 bxc5 13.dxc5 Qa5+ 14.b4 Qa3 15.Rb1 O-O
16.Bd3 Qc3+ 17.Ke2 g6 18.Ne5 Qa3 19.Nc4 Qxa2+ 20.Rb2 Qa4 21.h4 Nd7 22.h5 Rfd8
23.hxg6 hxg6 24.Qf4 Kg7 25.Nd6 f5 26.Qh6+ Kf6 27.Qh4+ g5 28.Qh6+ Ke5 29.Qg7+ Nf6
30.Nc4+  1-0

[Event "36th Barbera Open"]
[Site "Barbera del Valles ESP"]
[Date "2013.07.10"]
[Round "7.8"]
[White "Laxman,R"]
[Black "Narayanan,Sri"]
[Result "1/2-1/2"]
[WhiteElo "2401"]
[BlackElo "2475"]

1.d4 Nf6 2.c4 e6 3.Nf3 b6 4.g3 Ba6 5.Nbd2 Bb4 6.Qc2 c5 7.Bg2 Bb7 8.O-O cxd4
9.Nxd4 Bxg2 10.Kxg2 O-O 11.e4 Qc7 12.N2f3 Qb7 13.a3 Be7 14.Re1 d6 15.b3 Nbd7
16.Bg5 Rac8 17.Rac1 h6 18.Bxf6 Nxf6 19.b4 a6 20.Qe2 Rfe8 21.Nd2 a5 22.Rb1 axb4
23.axb4 d5 24.cxd5 exd5 25.e5 Ne4 26.Nxe4 dxe4 27.Qxe4 Qxe4+ 28.Rxe4 Rc4
29.Kf3 Rxb4 30.Rxb4 Bxb4 31.Re2 Bc3 32.Ke4 b5 33.f4 Rb8 34.Kd3 b4 35.Nf5 Rd8+
36.Kc4 Rd2 37.Ne7+ Kf8 38.Rxd2 Bxd2 39.Nd5 b3 40.Kxb3 h5 41.Kc2 Be1 42.Kd1 Bf2
43.Ke2 Bg1 44.h3 Ke8 45.Kf3 Bd4 46.Ke4 Bf2 47.Ne3 g6 48.g4 hxg4 49.Nxg4 Bh4
50.f5 gxf5+ 51.Kxf5 Kf8 52.Ne3 Bg3 53.Ke4 Be1 54.Nf5 Bc3 55.Nd6 Be1 56.Kf5 Bh4
57.Kg4 Be1 58.Nf5 Bc3 59.Kf4 Kg8 60.h4 Kh7 61.h5 Bb2 62.Nd6 Bxe5+  1/2-1/2

[Event "IsBank TCh-TUR 2013"]
[Site "Denizli TUR"]
[Date "2013.07.10"]
[Round "13.1"]
[White "Mirzoev,A"]
[Black "Baklan,V"]
[Result "1/2-1/2"]
[WhiteElo "2536"]
[BlackElo "2613"]

1.Nf3 Nf6 2.c4 e6 3.d4 b6 4.g3 Ba6 5.Qa4 Bb7 6.Bg2 c5 7.dxc5 bxc5 8.O-O Be7
9.Nc3 O-O 10.Rd1 d6 11.Bf4 a6 12.Rd2 Qb6 13.Rad1 Rd8 14.Ne1  1/2-1/2

[Event "2nd Ideon Andron Open 2013"]
[Site "Anogia GRE"]
[Date "2013.07.11"]
[Round "2.12"]
[White "Aggeletos,Marios"]
[Black "Simeonidis,I"]
[Result "1/2-1/2"]
[WhiteElo "1833"]
[BlackElo "2238"]

1.d4 Nf6 2.c4 e6 3.Nf3 b6 4.g3 Ba6 5.Qa4 Bb7 6.Bg2 c5 7.O-O cxd4 8.Rd1 Na6
9.Rxd4 Nc5 10.Qd1 Qc8 11.Nc3 Nce4 12.Nxe4 Nxe4 13.Ne5 Nf6 14.Bg5 Bxg2 15.Kxg2 Bc5
16.Rf4 Be7 17.Rd4 O-O 18.Qd3 d6 19.Ng4 e5 20.Nxf6+ gxf6 21.Rh4 f5 22.Bxe7 Qb7+
23.f3 Qxe7 24.Qxf5 f6 25.Rd1 Rf7 26.Qe4 Rd8 27.Qd5 Kh8 28.b4 Rff8 29.Rd3 Qc7
30.Qe6 Qd7 31.Qxd7 Rxd7 32.Re4 Rfd8  1/2-1/2

[Event "EY Boys Teams 2013"]
[Site "Maribor SLO"]
[Date "2013.07.12"]
[Round "7"]
[White "Drnovsek,G"]
[Black "Menezes,Chr"]
[Result "0-1"]
[WhiteElo "2203"]
[BlackElo "2261"]

1.d4 Nf6 2.c4 e6 3.Nf3 b6 4.g3 Ba6 5.b3 Bb4+ 6.Bd2 Be7 7.Bg2 d5 8.Ne5 O-O
9.O-O Bb7 10.Nc3 Na6 11.cxd5 exd5 12.Bg5 Re8 13.a3 c5 14.Rb1 cxd4 15.Qxd4 Nc7
16.Qa4 Ne6 17.Be3 Qc7 18.Nxf7 Kxf7 19.Nb5 Qd7 20.Bh3 Bc6 21.Bxe6+ Qxe6 22.Nd4 Bxa4
23.Nxe6 Kxe6  0-1

[Event "MTS GM 2013"]
[Site "Izmir TUR"]
[Date "2013.07.15"]
[Round "6.5"]
[White "Mirzoev,A"]
[Black "Bagaturov,G"]
[Result "1/2-1/2"]
[WhiteElo "2536"]
[BlackElo "2453"]

1.Nf3 Nf6 2.c4 e6 3.d4 b6 4.g3 Ba6 5.b3 Bb4+ 6.Bd2 Be7 7.Bg2 c6 8.O-O d5
9.Qc2 O-O 10.Rd1 Nbd7 11.Bf4 Nh5 12.Bc1 Nhf6 13.Bf4 Nh5 14.Bc1 Nhf6  1/2-1/2

[Event "Corporation Cup 2013"]
[Site "Izhevsk RUS"]
[Date "2013.07.17"]
[Round "6.5"]
[White "Demidov,M"]
[Black "Kovalenko,I"]
[Result "0-1"]
[WhiteElo "2465"]
[BlackElo "2621"]

1.d4 Nf6 2.Nf3 e6 3.c4 b6 4.g3 Ba6 5.b3 d5 6.Bg2 Bb4+ 7.Bd2 Bxd2+ 8.Nbxd2 O-O
9.O-O c5 10.dxc5 bxc5 11.e4 Nc6 12.exd5 exd5 13.Re1 dxc4 14.Nxc4 Bxc4 15.bxc4 Qc7
16.Qa4 Rab8 17.Rab1 h6 18.h3 Rfd8 19.Rb5 Nd7 20.Rxb8 Rxb8 21.Nh4 Nce5 22.Nf5 Nf6
23.Qc2 Re8 24.Qc3 Kf8 25.Rb1 Rb8 26.Re1 Re8 27.Rb1 Qd7 28.Ne3 Kg8 29.Qa5 Qd3
30.Rd1 Qe2 31.Bf1 Qh5 32.Rd8 Nf3+ 33.Kh1 Rxd8 34.Qxd8+ Kh7 35.Qe7 Qg6 36.Qxc5 Ne4
37.Qf5 Nxf2+ 38.Kg2 Nh4+  0-1

[Event "Czech Open G1 Rapid 2013"]
[Site "Pardubice CZE"]
[Date "2013.07.18"]
[Round "6.18"]
[White "Battey,A"]
[Black "Schlosser,P"]
[Result "0-1"]
[WhiteElo "2304"]
[BlackElo "2602"]

1.d4 Nf6 2.c4 e6 3.Nf3 b6 4.g3 Ba6 5.b3 Bb4+ 6.Bd2 Be7 7.Bg2 d5 8.Bc3 O-O
9.Nbd2 c5 10.O-O Nbd7 11.Re1 Rc8 12.e4 cxd4 13.Bxd4 dxc4 14.Nxc4 Bxc4 15.bxc4 Rxc4
16.Qb3 Qc7 17.a3 e5 18.Bb2 Rxe4 19.Rxe4 Nxe4 20.Nxe5 Nec5 21.Qe3 Bf6 22.f4 Re8
23.Re1 h6 24.Bd5 Bxe5 25.fxe5 Ne6 26.Rc1 Ndc5 27.h4 Qd7 28.Rd1 Rd8 29.Bf3 Qc7
30.Qe2 Na4 31.Rxd8+ Qxd8  0-1

[Event "Czech Open G1 Rapid 2013"]
[Site "Pardubice CZE"]
[Date "2013.07.18"]
[Round "6.32"]
[White "Worek,J"]
[Black "Sundararajan,K"]
[Result "1-0"]
[WhiteElo "2332"]
[BlackElo "2435"]

1.d4 Nf6 2.c4 e6 3.Nf3 b6 4.g3 Ba6 5.b3 Bb4+ 6.Bd2 Be7 7.Bg2 c6 8.O-O d5
9.Qc2 Nbd7 10.Rd1 O-O 11.Bf4 Rc8 12.Nbd2 Nh5 13.Ne5 Nxf4 14.gxf4 f6 15.Nd3 f5
16.Nf3 Nf6 17.Nde5 Ne4 18.e3 Bd6 19.a3 Qe7 20.b4 c5 21.dxc5 bxc5 22.cxd5 cxb4
23.Nc6 Qb7 24.axb4 exd5 25.Nfd4 Bb5 26.Na5 Qb6 27.Qb3 Bc4 28.Nxc4 dxc4 29.Qc2 Bxb4
30.Nxf5 Nc3 31.Rd7 Rc7 32.Rxc7 Qxc7 33.Nd4 Rf6 34.Rc1 a5 35.Qb2 Na4 36.Qa2 Nb6
37.Qc2 Rg6 38.Qe4 Qe7 39.Qf3 c3 40.f5 Rd6 41.Nb5 Rd3 42.Qc6 Qd8 43.Nxc3 Rxc3
44.Rxc3 Qd1+ 45.Bf1 Qg4+ 46.Kh1 Qd1 47.Qe8+ Bf8 48.Qb5 Nd5 49.Rc8 Ne7 50.Qc4+ Nd5
51.Rd8  1-0

[Event "65th ch-MNE 2013"]
[Site "Cetinje SRB"]
[Date "2013.07.20"]
[Round "1.2"]
[White "Blagojevic,Dr"]
[Black "Lekic,L"]
[Result "1-0"]
[WhiteElo "2530"]
[BlackElo "2054"]

1.d4 Nf6 2.c4 e6 3.Nf3 b6 4.g3 Ba6 5.b3 b5 6.cxb5 Bxb5 7.Bg2 d5 8.O-O Nbd7
9.Ba3 Bd6 10.Bxd6 cxd6 11.Nc3 Ba6 12.Qd2 O-O 13.Rfc1 Qb6 14.Ne1 Rfc8 15.e3 Rc6
16.Na4 Qb5 17.Rxc6 Qxc6 18.Rc1 Qb5 19.Rc2 Rc8 20.Rxc8+ Bxc8 21.Bf1 Qc6 22.Qa5 a6
23.Nd3 g6 24.Qc3 Qxc3 25.Nxc3 Kf8 26.Be2 Ke7 27.Kf1 Nb8 28.Ke1 Nc6 29.Bf3 a5
30.Kd2 Ba6 31.Ne1 Kd7 32.h4 h5 33.Ng2 Ne7 34.Nf4 Kc6 35.Nh3 Nh7 36.Bd1 Nf5
37.Bc2 e5 38.Bxf5 gxf5 39.Ng5 Nxg5 40.hxg5 Bb7 41.f4 e4 42.Ke1 Kd7 43.Kf2 Ke6  1-0

[Event "ch-AUT 2013"]
[Site "Feldkirch AUT"]
[Date "2013.07.20"]
[Round "1.9"]
[White "Handler,L"]
[Black "Kranz,A"]
[Result "1-0"]
[WhiteElo "2403"]
[BlackElo "2115"]

1.d4 Nf6 2.c4 e6 3.Nf3 b6 4.g3 Ba6 5.b3 Bb4+ 6.Bd2 Be7 7.Bg2 c6 8.O-O d5
9.Qc2 O-O 10.Rd1 Nbd7 11.a4 Ne4 12.Be1 Bd6 13.a5 f5 14.Nc3 Qe7 15.Na4 Bb7
16.Nd2 c5 17.Nxe4 dxe4 18.dxc5 Nxc5 19.Bc3 Nxa4 20.Rxa4 Bc6 21.Raa1 Rfd8
22.axb6 axb6 23.e3 Be8 24.Qb2 Rac8 25.Bf1 Bh5 26.Rd2 h6 27.Ra6 Rb8 28.Qa1 Rb7
29.Ra8 Rdb8 30.Rxb8+ Bxb8 31.Qa8 Kh7 32.b4 Be8 33.b5 Ba7 34.Rd8 Bh5 35.Rg8 e5
36.Bxe5 Qxe5 37.Rh8+ Kg6 38.Qxb7 Qa1 39.Qc6+ Kf7 40.Qe8+  1-0

[Event "6th Paleochora Open"]
[Site "Paleochora GRE"]
[Date "2013.07.20"]
[Round "2.19"]
[White "Gouloutis,N"]
[Black "Kargin,A"]
[Result "0-1"]
[WhiteElo "1939"]
[BlackElo "2440"]

1.d4 Nf6 2.c4 e6 3.Nf3 b6 4.g3 Ba6 5.b3 d5 6.Bg2 dxc4 7.Ne5 Bb4+ 8.Bd2 cxb3
9.axb3 Bxd2+ 10.Qxd2 Nd5 11.Nc3 Bb7 12.O-O O-O 13.e4 Ne7 14.Rfd1 Nd7 15.Nc4 Qb8
16.f4 c5 17.d5 exd5 18.exd5 Nf5 19.Ne2 Nf6 20.Qc2 Nd6 21.Ne5 Qc7 22.Nc3 a6
23.Rac1 Rae8 24.Na4 Bc8 25.Qd3 Qa7 26.Nc6 Qb7 27.b4 Bf5 28.Qc3 Nfe4 29.Qb2 cxb4
30.Qxb4 b5 31.Nb2 Nc8 32.Nd3 Ned6 33.Nc5 Qb6 34.Kh1 Re2 35.Re1 Rfe8 36.Ne5 Rxe1+
37.Rxe1 f6 38.Ned7 Qd8 39.Nb8 Rxe1+ 40.Qxe1 a5 41.Nc6 Qb6 42.Nb3 a4 43.Nbd4 Bd7
44.Qb4 a3 45.Qxa3 Bxc6 46.Nxc6 Qf2 47.h3 Nf5 48.Kh2 Ne3  0-1

[Event "28th Avoine Open"]
[Site "Avoine FRA"]
[Date "2013.07.21"]
[Round "2.49"]
[White "Mattheys,E"]
[Black "Raggini,L"]
[Result "1/2-1/2"]
[WhiteElo "1854"]
[BlackElo "2086"]

1.d4 Nf6 2.c4 e6 3.Nf3 b6 4.g3 Ba6 5.Qc2 Bb7 6.Bg2 Bb4+ 7.Bd2 Qe7 8.a3 Bxd2+
9.Nbxd2 d6 10.O-O Nbd7 11.b4 c5 12.e3 O-O 13.Rfe1 e5 14.d5 b5 15.e4 Rfc8
16.cxb5 cxb4 17.Qb2 Nc5 18.Bf1 bxa3 19.Rxa3 a6 20.bxa6 Bxa6 21.Bxa6 Rxa6
22.Rxa6 Nxa6 23.Nh4 g6 24.Ng2 Nc5 25.Rc1 Ra8 26.Qc2 Ra4 27.f3 Qa7 28.Kf1 Qa6+
29.Nc4 Nfd7 30.Kg1 Ra2 31.Qc3 Nb6 32.Nge3 Nba4 33.Qa5 Qxa5 34.Nxa5 Nb2 35.Rb1 Kf8
36.Nac4 Nxc4 37.Nxc4 Ra6 38.Rb6 Rxb6 39.Nxb6 f5 40.exf5 gxf5 41.Nc8 Nb7 42.Kf2 Ke8
43.Ke3 Kd8 44.Nb6 Na5 45.Kd3 Nb3 46.Nc4 Nc5+ 47.Ke2 Ke7 48.h3 Nb3 49.Ne3 Nd4+
50.Kd3 Kf6 51.g4 f4 52.Nc4 Nxf3 53.Nxd6 Ng5 54.h4 Nf3 55.Ne4+ Kf7 56.h5 Nd4
57.g5 Nf5 58.Ke2 h6 59.Kf3 hxg5 60.Kg4 Ne3+ 61.Kxg5 Nxd5 62.Kf5 f3 63.Kxe5  1/2-1/2

[Event "36th Taminco Open"]
[Site "Ghent BEL"]
[Date "2013.07.21"]
[Round "4.11"]
[White "Groffen,H"]
[Black "Geirnaert,S"]
[Result "1/2-1/2"]
[WhiteElo "2177"]
[BlackElo "2410"]

1.d4 Nf6 2.c4 e6 3.Nf3 b6 4.g3 Ba6 5.Nbd2 Bb4 6.Qc2 Bb7 7.Bg2 Be4 8.Qb3 Nc6
9.O-O Bxd2 10.Bxd2 O-O 11.Bc3 d6 12.Nd2 Bxg2 13.Kxg2 e5 14.dxe5 dxe5 15.Qb5 Qe8
16.c5 Nd4 17.Qxe8 Rfxe8 18.e3 Nb5 19.Rfc1 Rad8 20.Nf3 Nxc3 21.Rxc3 Ne4 22.Ra3 g5
23.g4 h5 24.h3 f5 25.gxf5 Rf8 26.Ra4 Nxc5 27.Rxa7 Rxf5 28.e4 Nxe4 29.Re1 Nxf2
30.Kxf2 Rdf8 31.Kg2 Rxf3 32.Rxe5 Rf2+ 33.Kg1 Rf1+ 34.Kg2 R8f2+ 35.Kg3 Rf3+
36.Kh2 R1f2+ 37.Kg1 Rc2 38.Rxg5+ Kf7 39.Rg2 Rc1+ 40.Kh2 Rff1 41.Kg3 Rc4 42.Rf2+ Rxf2
43.Kxf2 Rc2+ 44.Kg3 Kg6 45.a4 Kg5 46.a5 Rxb2 47.Rxc7 Rb3+ 48.Kg2 bxa5 49.Rc5+ Kf4
50.Rxa5 Rb2+ 51.Kf1 h4 52.Ra3 Rc2  1/2-1/2

[Event "Minsk Open 2013"]
[Site "Minsk BLR"]
[Date "2013.07.21"]
[Round "9.10"]
[White "Bazeev,G"]
[Black "Smirnov,Va"]
[Result "0-1"]
[WhiteElo "2322"]
[BlackElo "2332"]

1.d4 Nf6 2.Nf3 e6 3.c4 b6 4.g3 Ba6 5.b3 Bb4+ 6.Bd2 Be7 7.Bg2 d5 8.cxd5 exd5
9.O-O O-O 10.Nc3 Qc8 11.Re1 Rd8 12.Qc2 Bb7 13.Ng5 h6 14.Bh3 Nbd7 15.Nf3 c5
16.Rac1 Qc6 17.Bg2 Qe6 18.Nb5 Ne8 19.dxc5 bxc5 20.Ba5 Rdc8 21.e4 Qa6 22.exd5 Bf8
23.Qd2 Qxb5 24.Bf1 c4 25.bxc4 Qa4 26.Re4 Nef6 27.Rh4 Nc5 28.Re1 Re8 29.Ne5 Nce4
30.Rhxe4 Nxe4 31.Rxe4 f6 32.f4 fxe5 33.fxe5 Bc5+ 34.Kg2 Rf8 35.Be2 Rf2+ 36.Kh3 Raf8
37.e6 R8f5 38.Bd8 Rxd5 39.Qb2 Rh5+  0-1

[Event "Politiken Cup 2013"]
[Site "Helsingor DEN"]
[Date "2013.07.27"]
[Round "1.84"]
[White "Rolvag,M"]
[Black "Bayhan,Erkan"]
[Result "1/2-1/2"]
[WhiteElo "2162"]
[BlackElo "1753"]

1.d4 Nf6 2.Nf3 e6 3.c4 b6 4.g3 Ba6 5.Nbd2 Bb4 6.Qc2 Bb7 7.Bg2 O-O 8.O-O d5
9.Ne5 Bxd2 10.Bxd2 c6 11.Rfd1 Nbd7 12.Bf4 Rc8 13.b4 c5 14.dxc5 bxc5 15.b5 Nxe5
16.Bxe5 Nd7 17.Bd6 Re8 18.cxd5 Qb6 19.dxe6 Rxe6 20.Bf4 Bxg2 21.Rxd7 Qxb5
22.Rad1 Bb7 23.Rd8+ Re8 24.Rxc8 Rxc8 25.f3 c4  1/2-1/2

[Event "ch-AUT 2013"]
[Site "Feldkirch AUT"]
[Date "2013.07.28"]
[Round "9.2"]
[White "Schreiner,Pe"]
[Black "Baumegger,S"]
[Result "1-0"]
[WhiteElo "2447"]
[BlackElo "2473"]

1.d4 Nf6 2.c4 e6 3.Nf3 b6 4.g3 Ba6 5.b3 Bb4+ 6.Bd2 Be7 7.Nc3 d5 8.cxd5 exd5
9.Bg2 O-O 10.O-O Nbd7 11.Nh4 Re8 12.Re1 Bb7 13.Nf5 Bb4 14.Nb5 Bxd2 15.Qxd2 a6
16.Nc3 Nf8 17.Rac1 Ne6 18.Red1 g6 19.Ne3 c6 20.Nc2 a5 21.Ne1 Qd6 22.Na4 c5
23.dxc5 bxc5 24.Nd3 Ba6 25.Naxc5 Nxc5 26.Nxc5 Bxe2 27.Re1 Rac8 28.Qxa5 d4
29.Nb7 Qe6 30.Rxc8 Rxc8 31.Nd8 Qe8 32.Nc6 d3 33.Nd4 Qe7 34.Nxe2 dxe2 35.Qd2 Re8
36.Bc6 Rc8 37.Bf3 Rd8 38.Qxe2 Qb4 39.Rd1 Re8 40.Qb2  1-0

[Event "5th Rethymno Open"]
[Site "Rethymno GRE"]
[Date "2013.07.28"]
[Round "1.14"]
[White "Skembris,S"]
[Black "Kalogridakis,Theodoros"]
[Result "1-0"]
[WhiteElo "2458"]
[BlackElo "1728"]

1.d4 Nf6 2.c4 e6 3.Nf3 b6 4.g3 Ba6 5.Qa4 c5 6.Bg2 Bb7 7.dxc5 Bxc5 8.Nc3 O-O
9.O-O Bc6 10.Qc2 d6 11.Bg5 Nbd7 12.Rad1 h6 13.Bxf6 Nxf6 14.a3 a5 15.e4 Qe7
16.Nd4 Bb7 17.Ndb5 Rfd8 18.Qb1 Ng4 19.b4 Bxf2+ 20.Rxf2 Nxf2 21.Kxf2 Rac8
22.Qb3 Kh8 23.Kg1 f5 24.exf5 Bxg2 25.Kxg2 exf5 26.Rd4 Qe3 27.Qd1 axb4 28.axb4 Rf8
29.Nd5 Qe5 30.Nf4 Kh7 31.Qh5 Rf6 32.Qf3 Rd8 33.h4 Qe1 34.Nc3 Qc1 35.Ncd5 Rf7
36.Qd1 Qb2+ 37.Rd2 Qa3 38.Qh5 Rdd7 39.Qg6+ Kh8 40.Re2  1-0

[Event "Politiken Cup 2013"]
[Site "Helsingor DEN"]
[Date "2013.07.30"]
[Round "5.26"]
[White "Molvig,H"]
[Black "Matthiesen,M"]
[Result "1/2-1/2"]
[WhiteElo "2167"]
[BlackElo "2275"]

1.d4 Nf6 2.c4 e6 3.Nf3 b6 4.g3 Ba6 5.b3 b5 6.cxb5 Bxb5 7.Bg2 d5 8.O-O Nbd7
9.Nc3 Ba6 10.Na4 Bd6 11.Bb2 O-O 12.Rc1 Ne4 13.Ne5 Re8 14.Nxd7 Qxd7 15.f3 Nf6
16.Nc5 Qc8 17.Re1 Rb8 18.Qd2 Nd7 19.e4 Bb5 20.exd5 exd5 21.Bh3 Qd8 22.Nd3 Rxe1+
23.Rxe1 c6  1/2-1/2

[Event "Politiken Cup 2013"]
[Site "Helsingor DEN"]
[Date "2013.07.31"]
[Round "6.103"]
[White "Henningsen,Lasse"]
[Black "Olsen,Mi"]
[Result "0-1"]
[WhiteElo "1779"]
[BlackElo "1959"]

1.d4 Nf6 2.Nf3 e6 3.c4 b6 4.g3 Ba6 5.Qc2 Bb4+ 6.Bd2 Be7 7.Bg2 c6 8.O-O O-O
9.e4 d5 10.e5 Ne4 11.b3 Nd7 12.Be3 Rc8 13.Rd1 Bb7 14.Ne1 c5 15.f3 cxd4 16.fxe4 dxe3
17.exd5 Bc5 18.Kh1 Nxe5 19.Nc3 Qe7 20.Ne4 exd5 21.Nxc5 Qxc5 22.Qf5 Qe7 23.Bxd5 Rc5
24.Qe4 Qf6 25.Ng2 Bxd5 26.Rxd5 Ng4 27.Qd4 Nf2+ 28.Kg1 Nh3+ 29.Kh1 Nf2+ 30.Kg1 Nh3+
31.Kh1 Qxd4 32.Rxd4 Re5 33.Re1 e2 34.Rd2 Rfe8 35.Nf4 Nxf4 36.gxf4 Re4 37.Kg2 Rxf4
38.Rexe2 Rxe2+ 39.Rxe2 Kf8 40.Kg3 Rd4  0-1

[Event "Politiken Cup 2013"]
[Site "Helsingor DEN"]
[Date "2013.07.31"]
[Round "6.66"]
[White "Thaler,T"]
[Black "Green,Per"]
[Result "1-0"]
[WhiteElo "2091"]
[BlackElo "1967"]

1.d4 Nf6 2.c4 e6 3.Nf3 b6 4.g3 Ba6 5.Qc2 Bb7 6.Bg2 c5 7.d5 exd5 8.cxd5 Nxd5
9.O-O Be7 10.Rd1 Nc6 11.a3 Nf6 12.e4 h6 13.e5 Nh7 14.e6 fxe6 15.Qg6+ Kf8
16.Bxh6 Rg8 17.Qxh7 gxh6 18.Qxh6+ Rg7 19.Nc3 Kg8 20.Ne4 Qe8 21.Nd6 Bxd6 22.Rxd6 Ne7
23.Rd2 Nf5 24.Qf4 Bxf3 25.Bxf3 Rd8 26.Re1 Nd4 27.Bg2 Qf8 28.Qxf8+ Rxf8 29.Re3 Rgf7
30.f4 Nf5 31.Re5 Re7 32.g4 d6 33.Rxe6 Rxe6 34.Bd5 Nd4 35.f5 Nf3+ 36.Bxf3 Ref6
37.Bd5+ Kh8 38.Re2 b5 39.Re7 a5 40.Be6 b4 41.a4 Rd8 42.g5 Rxe6 43.fxe6 Kg8
44.Rd7 Rc8 45.g6 c4 46.e7 Re8 47.Rd8 c3 48.Rxe8+ Kg7  1-0

[Event "9th Tabor Open 2013"]
[Site "Tabor CZE"]
[Date "2013.07.31"]
[Round "5.25"]
[White "Hasek,V"]
[Black "Paulik,Vaclav"]
[Result "1/2-1/2"]
[WhiteElo "2049"]
[BlackElo "1875"]

1.Nf3 Nf6 2.d4 e6 3.c4 b6 4.g3 Ba6 5.b3 b5 6.cxb5 Bxb5 7.Nc3 Bc6 8.Bg2 Bb4
9.Bd2 Nd5 10.Qc2 Nxc3 11.Bxc3 Bxc3+ 12.Qxc3 O-O 13.O-O Be4 14.Rac1 c6 15.Nd2 Bxg2
16.Kxg2 Na6 17.e4 Nc7 18.f4 f5 19.e5 Nd5 20.Qd3 g5 21.Nc4 gxf4 22.gxf4 Kh8
23.Ne3 Rg8+  1/2-1/2

[Event "5th Rethymno Open"]
[Site "Rethymno GRE"]
[Date "2013.08.01"]
[Round "6.3"]
[White "Banikas,H"]
[Black "Georgiadis,I"]
[Result "1/2-1/2"]
[WhiteElo "2609"]
[BlackElo "2449"]

1.d4 Nf6 2.c4 e6 3.Nf3 b6 4.g3 Ba6 5.b3 Bb4+ 6.Bd2 Be7 7.Bg2 c6 8.O-O d5
9.Qc2 Nbd7 10.Rd1 Rc8 11.Nc3 O-O 12.Bf4 Nh5 13.Bc1 Nhf6 14.Bf4 Nh5 15.Bc1 Nhf6
16.Bf4  1/2-1/2